000
00295nam a22001337a 4500
008
170227b xxu||||| |||| 00| 0 eng d
020
_a
9780134391670
041
_a
eng
080
_2
2ND
_a
577
100
_a
5
101
_a
SHMB
245
_a
PRINCIPLES OF BIOCHEMISTRY
_c
HORTON
942
_2
udc
_c
BK
999
_c
6353
_d
6353